Doba bodu v architektúre /

Salvato in:
Dettagli Bibliografici
Autore principale: Koban, Juraj (Autore)
Natura: Libro
Lingua:slovacco
Pubblicazione: Košice : Technická univerzita v Košiciach, Fakulta umení, 2024
Edizione:1. vydanie
Soggetti:
Tags: Aggiungi Tag
Nessun Tag, puoi essere il primo ad aggiungerne!!

MARC

LEADER 00000nam a22000003a 4500
001 0116028
003 SK-STU
005 20250617151404.1
007 ta
008 250617s ----xo-----e------000-0-----d
020 |a 978-880-553-3446-2 
040 |a STU  |b slo 
041 0 |a slo 
044 |a xo 
100 1 |a Koban, Juraj  |4 aut 
245 1 0 |a Doba bodu v architektúre /  |c aut. Juraj Koban 
250 |a 1. vydanie 
260 |a Košice :  |b Technická univerzita v Košiciach, Fakulta umení,  |c 2024 
300 |a 142 s. 
650 0 7 |a teória architektúry 
650 0 7 |a filozofia architektúry 
650 0 7 |a architektúra 
650 0 7 |a architekti 
650 0 7 |a analýza 
996 |b 284AU10441  |c A* 13616/U  |l AAKNAR  |s A  |a 24  |w 0116028_0001